| 000 | 00922nam a2200265 i 4500 | ||
|---|---|---|---|
| 001 | bg | ||
| 100 | 1 | _aLEIST, Ralph | |
| 245 | 1 | 0 |
_aPraktyczne zarządzanie jakością : _bmetody i narzędzia stosowane do planowania i utrzymywania systemów jakości w przedsiębiorstwach, wg norm serii ISO 9000 / _cRalph Leist ; red. nauk. wersji polskiej Władysław Roman Pawlak. |
| 250 | _aStan na maj 1997. | ||
| 260 |
_aWarszawa : _bALFA-WEKA, _c1997. |
||
| 300 |
_aSkoroszyt ; _c26 cm. |
||
| 500 | _aAktualizacja bieżąca. | ||
| 505 | _aZawiera moduły 7-11. | ||
| 650 | 9 |
_aJakość _xnormalizacja |
|
| 650 | 9 |
_aJakość _xkontrola _xorganizacja |
|
| 650 | 9 |
_aPrzedsiębiorstwo _xorganizacja |
|
| 700 | 1 | _aPAWLAK, Władysław Roman | |
| 020 | _a8387287008 | ||
| 040 | _cBPK | ||
| 041 | 1 |
_apl _hde |
|
| 080 | _a658.56.012.4:006 | ||
| 920 | _a83-87287-00-8 | ||
| 942 | _cKS | ||
| 008 | s pl f |000 0 pol | ||
| 999 |
_c31381 _d31381 |
||
| 856 |
_uhttp://koha.tu.koszalin.pl/cgi-bin/koha/opac-detail.pl?biblionumber=31381 _yKatalog online BPK |
||